[Event "Mittelrhein-chT 1112"]
[Site "Germany"]
[Date "2011.11.27"]
[Round "5.7"]
[White "Eckler, Klaus"]
[Black "Kirchner, Gerd"]
[Result "0-1"]
[WhiteElo "1996"]
[BlackElo "1924"]
[PlyCount "88"]
[EventDate "2011.09.11"]
[EventType "team-tourn"]
[EventRounds "13"]
[EventCountry "GER"]
[SourceTitle "EXT 2013"]
[Source "ChessBase"]
[SourceDate "2012.11.22"]
[SourceVersion "1"]
[SourceVersionDate "2012.11.22"]
[SourceQuality "1"]
[WhiteTeam "Koeln Lasker"]
[BlackTeam "Horrem"]
[WhiteTeamCountry "GER"]
[BlackTeamCountry "GER"]

1. Nf3 c5 2. c4 g6 3. e4 Bg7 4. d4 cxd4 5. Nxd4 Nc6 6. Be3 Nf6 7. Nc3 0-0 8. Be2 d6 9. 0-0 a6 10. Qd2 Qc7 11. f3 Ne5 12. b3 b6 13. Rac1 e6 14. Rfd1 Bb7 15. Na4 Ned7 16. b4 Qb8 17. Nb3 b5 18. Nc3 bxc4 19. Bxc4 Ne5 20. Be2 d5 21. exd5 Nxd5 22. Nxd5 Bxd5 23. Nc5 Qc8 24. a4 Nc6 25. Qe1 Bb2 26. Rb1 Be5 27. b5 axb5 28. axb5 Nd4 29. Rdc1 Ra2 30. Bc4 Bxh2+ 31. Kh1 Nxf3 32. Qd1 Bxc4 33. Rxc4 Ne5 34. Rh4 Bg3 35. Rh3 Bf2 36. Bxf2 Rxf2 37. Qd4 Rc2 38. Ne4 Ng4 39. Rf3 f5 40. Ng3 Rd8 41. Qa7 Rdd2 42. Rg1 Qd8 43. Nf1 Qh4+ 44. Rh3 Qxh3+ 0-1

[Event "NRW Class2 1011"]
[Site "Germany"]
[Date "2011.01.30"]
[Round "6.7"]
[White "Eckler, Klaus"]
[Black "Borrink, Joern"]
[Result "0-1"]
[WhiteElo "2174"]
[BlackElo "2114"]
[PlyCount "108"]
[EventDate "2010.09.26"]
[EventType "team-tourn"]
[EventRounds "9"]
[EventCountry "GER"]
[SourceTitle "EXT 2012"]
[Source "ChessBase"]
[SourceDate "2011.11.24"]
[SourceVersion "1"]
[SourceVersionDate "2011.11.24"]
[SourceQuality "1"]
[WhiteTeam "Koeln Lasker"]
[BlackTeam "Muenster II"]
[WhiteTeamCountry "GER"]
[BlackTeamCountry "GER"]

1. Nf3 d5 2. g3 Nf6 3. Bg2 c6 4. c4 e6 5. 0-0 Nbd7 6. b3 Bd6 7. d4 Ne4 8. Qc2 f5 9. Ba3 Bxa3 10. Nxa3 0-0 11. Qb2 f4 12. Nd2 Nd6 13. Nc2 Qg5 14. e3 fxg3 15. fxg3 Nf6 16. Nf3 Qh6 17. Ne5 Nf7 18. Qa3 Re8 19. Nxf7 Kxf7 20. Qd6 Kg8 21. Rf4 Qg5 22. Raf1 dxc4 23. bxc4 e5 24. h4 Qxg3 25. R4f3 Qg6 26. dxe5 Bg4 27. exf6 Bxf3 28. Rxf3 Rad8 29. Qc7 Qf7 30. Qg3 Re6 31. fxg7 Qxg7 32. Qxg7+ Kxg7 33. Nd4 Rf6 34. Nf5+ Kf8 35. e4 Rd2 36. h5 Rxa2 37. e5 Rf7 38. e6 Rf6 39. Bh3 Re2 40. Re3 Rxe6 41. Rd3 Rb2 42. Ne3 Re5 43. Bg4 a5 44. Kf1 b5 45. Bd7 Rc5 46. Ke1 bxc4 47. Rc3 a4 48. Bf5 Re5 49. Kd1 Rb3 50. Rxc4 Rbxe3 51. Bxh7 a3 52. Ra4 Rxh5 53. Kd2 Rg3 54. Be4 Rh2+ 0-1

[Event "NRW Class1 0708"]
[Site "Germany"]
[Date "2008.02.10"]
[Round "6.7"]
[White "Eckler, Klaus"]
[Black "Friedl, Thomas"]
[Result "1/2-1/2"]
[WhiteElo "2180"]
[BlackElo "2205"]
[PlyCount "142"]
[EventDate "2007.09.16"]
[EventType "team"]
[EventRounds "9"]
[EventCountry "GER"]
[SourceTitle "EXT 2009"]
[Source "ChessBase"]
[SourceDate "2008.11.26"]
[SourceVersion "1"]
[SourceVersionDate "2008.11.26"]
[SourceQuality "1"]
[WhiteTeam "Krefeld"]
[BlackTeam "Castrop Rauxel"]
[WhiteTeamCountry "GER"]
[BlackTeamCountry "GER"]

1. Nf3 f5 2. c4 Nf6 3. g3 e6 4. Bg2 Be7 5. 0-0 0-0 6. Nc3 c6 7. b3 d5 8. cxd5 exd5 9. e3 Bd6 10. Ne2 Be6 11. Bb2 Qe7 12. Qc2 Nbd7 13. d3 Bf7 14. Ned4 Bg6 15. a3 Ng4 16. Nh4 Rae8 17. b4 a6 18. Qb3 Kh8 19. Bc3 Be5 20. Qb2 Nh6 21. Nhf3 Bf6 22. Ne2 Ng4 23. Bxf6 Qxf6 24. Qxf6 Ngxf6 25. Rac1 Bh5 26. Ned4 Bxf3 27. Bxf3 g6 28. Rfd1 Kg7 29. Nb3 Re7 30. a4 Nb6 31. Ra1 Ne8 32. Rdc1 Nd6 33. Nd4 Kf6 34. Nxc6 bxc6 35. Rxc6 Nbc8 36. Rxa6 Ke6 37. Rc6 Rb7 38. b5 Ne7 39. Rcc1 Rc8 40. Rcb1 Ra8 41. Rc1 Rba7 42. Bd1 Nxb5 43. e4 fxe4 44. dxe4 Nd4 45. exd5+ Nxd5 46. Rc4 Nf5 47. Bf3 Nfe7 48. Rd4 Ra5 49. Re1+ Kd6 50. Rxe7 Kxe7 51. Rxd5 Rxd5 52. Bxd5 Rxa4 53. h4 Kf6 54. Bb3 Rb4 55. Bd5 Ke5 56. Bg8 Rb7 57. Kg2 Ra7 58. Bb3 Kd4 59. Bg8 Ke4 60. Bb3 Kd3 61. Bd5 Ke2 62. f3 Ke3 63. Bc4 h6 64. f4 Rc7 65. Bd5 Rd7 66. Bc6 Rd2+ 67. Kg1 Rb2 68. Bd5 Kd4 69. Bf3 Rb3 70. Kf2 Rb2+ 71. Kg1 Ke3 1/2-1/2

[Event "NRW Class1 0708"]
[Site "Germany"]
[Date "2007.12.09"]
[Round "4.7"]
[White "Eckler, Klaus"]
[Black "Wagenknecht, Uwe"]
[Result "1/2-1/2"]
[WhiteElo "2180"]
[BlackElo "2161"]
[PlyCount "101"]
[EventDate "2007.09.16"]
[EventType "team"]
[EventRounds "9"]
[EventCountry "GER"]
[SourceTitle "EXT 2009"]
[Source "ChessBase"]
[SourceDate "2008.11.26"]
[SourceVersion "1"]
[SourceVersionDate "2008.11.26"]
[SourceQuality "1"]
[WhiteTeam "Krefeld"]
[BlackTeam "Bielefeld"]
[WhiteTeamCountry "GER"]
[BlackTeamCountry "GER"]

1. d4 Nf6 2. c4 g6 3. Nc3 Bg7 4. e4 d6 5. Nf3 0-0 6. Be2 e5 7. 0-0 Nc6 8. d5 Ne7 9. Bg5 Nd7 10. Nd2 f5 11. f3 Nf6 12. b4 c6 13. Be3 b6 14. Nb3 f4 15. Bf2 c5 16. bxc5 bxc5 17. Nxc5 dxc5 18. d6 Nc6 19. Bxc5 Be6 20. Nb5 Rf7 21. Nc7 Rxc7 22. dxc7 Qxc7 23. Qd6 Qc8 24. Bf2 Bf8 25. Qd2 Nd7 26. Rab1 Qc7 27. Rfc1 Bc5 28. Bf1 Bd4 29. c5 Rb8 30. Bb5 Bxf2+ 31. Qxf2 Nd4 32. c6 Rxb5 33. cxd7 Rxb1 34. Rxb1 Bxd7 35. Qb2 Bc6 36. Qb4 Kg7 37. Qc5 Ne6 38. Qb4 a5 39. Qc3 a4 40. Qb4 Qa7+ 41. Kh1 Qc7 42. Rc1 Nd4 43. Qxa4 g5 44. Qb4 g4 45. Qc5 gxf3 46. gxf3 Kf7 47. Qc4+ Kf6 48. Qc5 Qe7 49. Qb6 Qe6 50. Qd8+ Qe7 51. Qg8 1/2-1/2

[Event "NRW Class1 0607"]
[Site "Germany"]
[Date "2006.12.17"]
[Round "4.5"]
[White "Boos, Markus"]
[Black "Eckler, Klaus"]
[Result "1-0"]
[WhiteElo "2211"]
[BlackElo "2217"]
[PlyCount "79"]
[EventDate "2006.09.17"]
[EventType "team-tourn"]
[EventRounds "9"]
[EventCountry "GER"]
[SourceTitle "EXT 2008"]
[Source "ChessBase"]
[SourceDate "2007.11.25"]
[SourceVersion "1"]
[SourceVersionDate "2007.11.25"]
[SourceQuality "1"]
[WhiteTeam "Solingen III"]
[BlackTeam "Krefeld"]
[WhiteTeamCountry "GER"]
[BlackTeamCountry "GER"]

1. Nf3 Nf6 2. g3 g6 3. Bg2 Bg7 4. 0-0 0-0 5. d3 d5 6. c3 c5 7. Nbd2 Nc6 8. e4 e5 9. Re1 d4 10. c4 a6 11. a3 Nh5 12. Nf1 Qd6 13. b4 b6 14. b5 axb5 15. cxb5 Na5 16. N1d2 h6 17. Nb3 Be6 18. Nxa5 Rxa5 19. Bd2 Ra7 20. Bf1 Qd7 21. Qc1 Kh7 22. Qb2 Rfa8 23. Nh4 f5 24. Bg2 f4 25. gxf4 Nxf4 26. Bxf4 exf4 27. e5 Bd5 28. e6 Qb7 29. Bxd5 Qxd5 30. Qe2 Qg5+ 31. Ng2 Re8 32. Qe4 Rae7 33. h4 Qg4 34. Qxf4 Qxf4 35. Nxf4 g5 36. hxg5 hxg5 37. Nd5 Rxe6 38. Rxe6 Rxe6 39. a4 Re5 40. Nxb6 1-0

[Event "NRW Class2 0405"]
[Site "Germany"]
[Date "2005.04.24"]
[Round "9.5"]
[White "Eckler, Klaus"]
[Black "Sandmann, Bernd"]
[Result "1/2-1/2"]
[WhiteElo "1985"]
[BlackElo "2215"]
[PlyCount "65"]
[EventDate "2004.10.10"]
[EventType "team"]
[EventRounds "9"]
[EventCountry "GER"]
[SourceTitle "EXT 2006"]
[Source "ChessBase"]
[SourceDate "2005.11.24"]
[SourceVersion "1"]
[SourceVersionDate "2005.11.24"]
[SourceQuality "1"]
[WhiteTeam "Krefeld Turm"]
[BlackTeam "Neuenkirchen"]
[WhiteTeamCountry "GER"]
[BlackTeamCountry "GER"]

1. Nf3 g6 2. d4 Bg7 3. c4 d6 4. Nc3 Bg4 5. e3 c6 6. Be2 Nd7 7. 0-0 Qc7 8. b3 Ngf6 9. Bb2 0-0 10. Re1 Rfe8 11. e4 e5 12. d5 Nc5 13. Bf1 a5 14. h3 Bd7 15. Ba3 cxd5 16. cxd5 Rec8 17. Bxc5 Qxc5 18. Na4 Qa7 19. Qd2 Rc7 20. Bd3 Nh5 21. Rac1 Rac8 22. Rxc7 Rxc7 23. Rc1 b5 24. Rxc7 Qxc7 25. Qc3 Qa7 26. Nb2 Bf6 27. a4 bxa4 28. Nxa4 Nf4 29. Bf1 Bd8 30. Qc4 Bxa4 31. Qxa4 Bb6 32. Qa2 Qc7 33. Bc4 1/2-1/2

[Event "NRW Class2 0405"]
[Site "Germany"]
[Date "2004.11.21"]
[Round "3.7"]
[White "Gruettemeier, Uwe"]
[Black "Eckler, Klaus"]
[Result "0-1"]
[WhiteElo "2159"]
[BlackElo "1985"]
[PlyCount "102"]
[EventDate "2004.10.10"]
[EventType "team"]
[EventRounds "9"]
[EventCountry "GER"]
[SourceTitle "EXT 2006"]
[Source "ChessBase"]
[SourceDate "2005.11.24"]
[SourceVersion "1"]
[SourceVersionDate "2005.11.24"]
[SourceQuality "1"]
[WhiteTeam "Bielefeld"]
[BlackTeam "Krefeld Turm"]
[WhiteTeamCountry "GER"]
[BlackTeamCountry "GER"]

1. d4 Nf6 2. Nf3 g6 3. c4 Bg7 4. g3 d5 5. Bg2 dxc4 6. Qa4+ Nfd7 7. 0-0 0-0 8. Qxc4 Nb6 9. Qc2 Nc6 10. Bf4 Nxd4 11. Nxd4 Qxd4 12. Nc3 Qc4 13. Qd2 Bxc3 14. bxc3 c6 15. Qe3 Be6 16. Rfb1 Qa6 17. Bh6 Nc4 18. Qd4 f6 19. Bxf8 Kxf8 20. h4 Rc8 21. h5 Kf7 22. Rd1 Qa5 23. hxg6+ hxg6 24. Bf3 Ne5 25. Kg2 Rh8 26. Rh1 Rxh1 27. Rxh1 Kg7 28. Qh4 Bg8 29. Qh6+ Kf7 30. Qd2 Kg7 31. Qh6+ Kf7 32. Qd2 Kg7 33. Rb1 Qc7 34. Rd1 a6 35. Be4 f5 36. Bb1 Bd5+ 37. f3 Nc4 38. Qc1 Qb6 39. Rd3 e5 40. Bc2 e4 41. Rd4 exf3+ 42. exf3 Ne5 43. Bd1 Qc5 44. Qd2 b5 45. Rh4 Kf6 46. Rh8 Nc4 47. Qf2 Ne3+ 48. Kh3 Qxc3 49. Bb3 Kf7 50. Rh7+ Kg8 51. Re7 Qh8+ 0-1

[Event "NRW Class2 0405"]
[Site "Germany"]
[Date "2004.10.31"]
[Round "2.7"]
[White "Eckler, Klaus"]
[Black "Rechmann, Klaus"]
[Result "1/2-1/2"]
[WhiteElo "1985"]
[BlackElo "2161"]
[PlyCount "26"]
[EventDate "2004.10.10"]
[EventType "team"]
[EventRounds "9"]
[EventCountry "GER"]
[SourceTitle "EXT 2006"]
[Source "ChessBase"]
[SourceDate "2005.11.24"]
[SourceVersion "1"]
[SourceVersionDate "2005.11.24"]
[SourceQuality "1"]
[WhiteTeam "Krefeld Turm"]
[BlackTeam "Monheim"]
[WhiteTeamCountry "GER"]
[BlackTeamCountry "GER"]

1. Nf3 Nf6 2. c4 e6 3. g3 d5 4. Bg2 Be7 5. 0-0 0-0 6. d4 dxc4 7. Qc2 a6 8. a4 Nc6 9. Rd1 Nb4 10. Qxc4 b5 11. Qb3 Bb7 12. Nc3 bxa4 13. Qxa4 Bc6 1/2-1/2